| 000 | 00000nam##2200000za#4500 |
| 001 | 9.670203 |
| 003 | CaOODSP |
| 005 | 20210615125334 |
| 007 | ta |
| 008 | 150407|2008||||xxc||||| f|0| 0 eng|d |
| 020 | |a978-0-662-05775-8 |
| 040 | |aCaOODSP|beng |
| 041 | |aeng |
| 041 | |afre |
| 043 | |an-cn--- |
| 086 | 1 |aH14-34/2008 |
| 110 | 1 |aCanada.|bAssisted Human Reproduction Canada. |
| 245 | 14|aThe Assisted Human Reproduction Act : |ba guide for patients |
| 260 | |aOttawa - Ontario : |bAssisted Human Reproduction Canada |cc2008. |
| 300 | |a1 folded sheet (English text, [5p.]) ; |c23 cm. |
| 563 | |aPamphlet |
| 590 | |a09-09|b2009-02-27 |
| 690 | 07|aReproductive technology|2gcpds |
| 776 | 0#|tLa loi sur la Procréation assistée : |w(CaOODSP)9.635408 |
| 776 | 0#|tThe Assisted Human Reproduction Act : |w(CaOODSP)9.691073 |
| 792 | |tLa loi sur la Procréation assistée : |efre|w(CaOODSP)9.670204 |